000 00816nam a22002297a 4500
005 20250724124249.0
010 _aENG-146100
020 _c925.00
_a9789364444439
035 _aEN-129632
037 _bDBAD
082 _a621.3815
100 _aSudhakar, A.
_983273
245 _aCircuits and networks :
_cby A. Sudhakar; Shyammohan S.Palli [and] Amarendra R Bhimavarapu
_banalysis and synthesis /
250 _a5th ed
260 _aChennai
_bMcGraw Hill Education
_c2025
270 _aAnjana Complex No. 5/90 A, Butt Road, St Thomar Mount
_bChennai
_e600016
300 _a939p. :
_c24cm(pb)
_bill.
650 _a Electric network synthesis.
_983274
700 _aPalli, Shyammohan S.
_eAuthor
_983275
700 _aBhimavarapu, Amarendra R
_eAuthor
_983276
942 _2ddc
_cEN
_mSUD
_h621.3815
999 _c212556
_d212556